Statistiche per Stati più estesi degli Stati Uniti

Clicka qui per fare il quiz!

Statistiche generali

  • Questo quiz è stato fatto 24 volte
  • Il punteggio medio è 8 su 10

Statistiche sulle risposte

Superficie (km²)Stato federale% Corretto
423 970California
100%
696 241Texas
100%
1 717 854Alaska
95%
255 026Oregon
84%
269 837Colorado
79%
286 367Nevada
79%
381 154Montana
74%
295 254Arizona
63%
253 348Wyoming
58%
315 194Nuova Messico
42%

Distribuzione punteggi

Percentile per numero di risposta

Percentuale di utenti per punteggio

I tuoi punteggi nel tempo

Non hai fatto questo quiz